| 000 | 00390nam a22001697a 4500 | ||
|---|---|---|---|
| 003 | SGT | ||
| 020 | _a9789354660252 | ||
| 082 |
_a617 _bM23S |
||
| 100 | _aSHENOY, K. RAJGOPAL, ed. | ||
| 245 | _aMANIPAL MANUAL OF SURGERY | ||
| 250 | _a6TH | ||
| 260 |
_aNEW DELHI _bCBS PUB _c2023 |
||
| 300 | _a718, 1320 | ||
| 650 | _aSURGERY | ||
| 653 | _aMANIPAL, MANUAL, SURGERY | ||
| 942 |
_2ddc _cBK _030 |
||
| 999 |
_c24006 _d24006 |
||